| 000 | 00519nam a2200193 a 4500 | ||
|---|---|---|---|
| 005 | 20140311163008.0 | ||
| 008 | 041104s19uu xx 00 eng d | ||
| 020 | _a8171827691 | ||
| 050 |
_aRA 784 _b.G724 2001 |
||
| 100 | _aGoyal, G.C. | ||
| 245 |
_aVitamins for natural healing . / _cG.C Goyal. |
||
| 260 |
_aDelhi : _bDiamond Pocket Books, _c2001. |
||
| 300 |
_a152 p. : _c21 cm. |
||
| 521 | _aNUR | ||
| 650 | _aVitamins. | ||
| 650 | _aVitamins in human nutrition. | ||
| 942 |
_cBK _2lcc _kFOR |
||
| 999 |
_c39333 _d39333 |
||